Biblioteche Nazionali Italiane - Statistics

Statistiche generali
  • Questo quiz è stato fatto 3 volte
  • Il punteggio medio è 8 su 46
Statistiche sulle risposte
Risposta % Corretto
Roma Biblioteca Nazionale Centrale di Roma
100%
Cosenza Biblioteca Nazionale Cosenza
100%
Venezia Biblioteca Nazionale Marciana
100%
Potenza Biblioteca Nazionale Potenza
100%
Torino Biblioteca Nazionale Universitaria Torino
100%
Napoli Biblioteca Nazionale Vittorio Emanuele III
100%
Milano Biblioteca Nazionale Braidense
50%
Firenze Biblioteca Nazionale Centrale Firenze
50%
Bari Biblioteca Nazionale Sagarriga Visconti Volpi
50%
Roma Biblioteca Angelica
0%
Roma Biblioteca Casanatense
0%
Roma Biblioteca di Archeologia e Storia dell'Arte
0%
Roma Biblioteca di Storia Moderna e Contemporanea
0%
Modena Biblioteca Estense Universitaria
0%
Firenze Biblioteca Marucelliana
0%
Roma Biblioteca Medica Statale
0%
Firenze Biblioteca Medicea Laurenziana
0%
Parma Biblioteca Palatina
0%
Avellino Biblioteca Pubblica Statale annessa al Monumento Nazionale di Montevergine
0%
Torino Biblioteca Reale
0%
Firenze Biblioteca Riccardiana
0%
Roma Biblioteca Statale Antonio Baldini
0%
Cremona Biblioteca Statale Cremona
0%
Salerno Biblioteca Statale del Monumento Nazionale Badia di Cava
0%
Padova Biblioteca Statale del Monumento Nazionale dell'Abbazia Benedettina di S. Giustina
0%
Frosinone Biblioteca Statale del Monumento Nazionale di Casamari
0%
Rieti Biblioteca Statale del Monumento Nazionale di Farfa
0%
Roma Biblioteca Statale del Monumento Nazionale di Grottaferrata
0%
Frosinone Biblioteca Statale del Monumento Nazionale di Montecassino
0%
Padova Biblioteca Statale del Monumento Nazionale di Praglia
0%
Roma Biblioteca Statale del Monumento Nazionale di S. Scolastica
0%
Frosinone Biblioteca Statale del Monumento Nazionale di Trisulti
0%
Gorizia Biblioteca Statale Isontina
0%
Lucca Biblioteca Statale Lucca
0%
Macerata Biblioteca Statale Macerata
0%
Trieste Biblioteca Statale Trieste "Stelio Crise"
0%
Roma Biblioteca Universitaria Alessandrina
0%
Cagliari Biblioteca Universitaria Cagliari
0%
Genova Biblioteca Universitaria di Genova
0%
Napoli Biblioteca Universitaria di Napoli
0%
Padova Biblioteca Universitaria di Padova
0%
Pavia Biblioteca Universitaria di Pavia
0%
Pisa Biblioteca Universitaria di Pisa
0%
Sassari Biblioteca Universitaria di Sassari
0%
Roma Biblioteca Vallicelliana
0%
Napoli Complesso Monumentale e Biblioteca dei Girolamini
0%
Nessun quiz corrispondente trovato
Distribuzione punteggi
Percentuale di utenti per punteggio
Percentile per numero di risposta
I tuoi punteggi nel tempo
Non hai fatto questo quiz